00438nam a22001457a 4500008004100000020001500041040005500056080001800111100001900129245005100148260003600199300001500235650002100250700002100271230328b |||||||| |||| 00| 0 eng d a0079132871 aNational Science LibrarycNational Science Library aD 681.324bN8 aPabrai, Uday O aWebmaster administrator certificate exam guide aNew York: bMcGraw-Hill, c1998 axxv, 865p. aComputer science aGurbani, Vijay K